000
00280nam a22001217a 4500
008
181203b xxu||||| |||| 00| 0 eng d
041
_a
eng
080
_a
610
100
_a
4
101
_a
SHM
245
_a
The Merck Manual of Diagnosis and Therapy
_c
Beers,M.H
942
_2
udc
_c
BK
999
_c
52726
_d
52726